| 000 | 00376pam a2200157a 44500 | ||
|---|---|---|---|
| 008 | 230515b1949 xxu||||| |||| 00| 0 eng d | ||
| 020 | _aNULL | ||
| 041 | _aENGLISH | ||
| 082 | _aNULL | ||
| 100 | _aLEWITT E.H. | ||
| 245 | _aHYDROLICS & THE MECHANICS OF FLUIDS | ||
| 250 | _a1949 | ||
| 260 |
_aDELHI _bSIGNS PUBLISHING COMPANY _c1949 |
||
| 300 | _a630/HB | ||
| 650 | _aNULL | ||
| 999 |
_c661563 _d661563 |
||